| 000 | 00563nam a2200205Ia 4500 | ||
|---|---|---|---|
| 003 | GCL | ||
| 008 | 140319s9999 xx 000 0 aFre d | ||
| 020 | _a3822801542 | ||
| 040 |
_aGCL / _cGCL |
||
| 082 | 0 | 4 |
_a759 _bE H |
| 100 | 1 | _aESSERS, VOLKMAR | |
| 245 | 1 | 0 |
_aHENERI MATISSE, 1869 - 1954 : _bMAITRE DE LA COULER / _cESSERS, VOLKMAR |
| 260 |
_aالمانيا : _bBENEDIKT TASCHEN ، _c1993 |
||
| 300 |
_a96 P _bILL. ؛ _c30 cm. |
||
| 650 | 0 | 4 | _aARTS |
| 650 | 0 | 4 | _aPAINTING |
| 650 | 0 | 4 | _aPAINTERS |
| 650 | 0 | 4 | _aMATISSE, HENRI, 1869 - 1954 |
| 942 |
_2ddc _cBK |
||
| 999 |
_c7726 _d7726 |
||